Esiste almeno un paese che...? - Morte improvvisa - Statistics

Statistiche generali
  • Questo quiz è stato fatto 1.848 volte
  • Il punteggio medio è 4 su 21
Answers on the Grid
Answers color-coded by a green-red scale on the quiz's grid according to % correct below.
...ha più di un miliardo di abitanti
...inizia con la lettera Q
...ha la capitale che inizia con la lettera E
...ha la bandiera con più di 4 lati
...non ha una capitale ufficiale
...ha una densità di popolazione maggiore di New York
...confina con almeno 14 stati
...fa parte dell'Unione Europea ma non della NATO
...ha più di un milione di soldati
...ha più di 200 000 km di coste marittime
...non ha sbocco sul mare
...ha la stessa lettera iniziale della capitale
...si affaccia su almeno 2 oceani
...ha aderito all'ONU nel XXI secolo
...ha ospitato sia le Olimpiadi estivi ed inverali
...ha una capitale con meno di 500 abitanti
...ha una capitale sotto il livello del mare
...ha il colore viola nella propria bandiera
...non ha aeroporti
...ha almeno 60 siti UNESCO
...è attraversato sia dalle Alpi che dai Pirenei
...è attraversato sia dall'Equatore che dal Meridiano di Greenwich
...ha vinto almeno 6 Coppa del Mondo di calcio
...confina sia con la Germania che con la Romania
...ha almeno un milione di isole
...è attraversato da almeno 13 fusi orari
...inizia con la lettera X
...ha la capitale che inizia con la lettera J
...ha un'altitudine media superiore a 3 000 (m s.l.m.)
...ha la capitale più a nord del Circolo Polare Artico
...termina in "stan" ma non si trova in Asia
...ha una capitale di sole 3 lettere
...ha un'aspettativa di vita inferiore a 30 anni
...è attraversato sia dal Danubio che dal Volga
...ha 4 capitali
...ha vinto almeno 2000 medaglie d'oro alle Olimpiadi
...ha la bandiera con un solo colore
...ha una superficie maggiore della Luna
...ha un tasso di fecondità maggiore di 8 figli per donna
...ha vinto almeno 15 Oscar al miglior film in lingua straniera
...è entrato a far parte dell'unione Europea nel 1946
...ha un'età mediana di almeno 55 anni
 
Statistiche sulle risposte
Risposta % Corretto
...non ha sbocco sul mare
29%
...inizia con la lettera Q
28%
...ha ospitato sia le Olimpiadi estivi ed inverali
25%
...ha più di un miliardo di abitanti
25%
...fa parte dell'Unione Europea ma non della NATO
22%
...ha la bandiera con più di 4 lati
22%
...si affaccia su almeno 2 oceani
22%
...è attraversato sia dalle Alpi che dai Pirenei
21%
...ha la stessa lettera iniziale della capitale
21%
...non ha aeroporti
21%
...ha almeno 60 siti UNESCO
19%
...ha più di un milione di soldati
19%
...ha una densità di popolazione maggiore di New York
18%
...ha una capitale sotto il livello del mare
16%
...ha aderito all'ONU nel XXI secolo
15%
...ha la capitale che inizia con la lettera E
15%
...ha il colore viola nella propria bandiera
12%
...ha più di 200 000 km di coste marittime
11%
...ha una capitale con meno di 500 abitanti
10%
...non ha una capitale ufficiale
10%
...confina con almeno 14 stati
9%
Nessun quiz corrispondente trovato
Distribuzione punteggi
Percentuale di utenti per punteggio
Percentile per numero di risposta
I tuoi punteggi nel tempo
Non hai fatto questo quiz